| 000 | 00659nam a2200217Ia 4500 | ||
|---|---|---|---|
| 008 | 140321s9999 xx 000 0 und d | ||
| 020 | _a9781259007941 | ||
| 050 |
_aP 90 _b.B284 2012 |
||
| 100 | _aBaran, Stanley J. | ||
| 245 |
_aIntroduction to mass communication : _b media, literacy, and culture / _cStanley J. Baran. |
||
| 250 | _a7th ed. | ||
| 260 |
_aNew York : _bMcGraw-Hill, _cc2012. |
||
| 300 |
_a449 p. : _bcol. ill. ; _c28 cm. |
||
| 500 | _aIncludes bibliographical references and index. | ||
| 521 | _aMC | ||
| 650 | _aMass media and culture. | ||
| 650 | _aMass media. | ||
| 650 | _aMedia literacy. | ||
| 942 |
_kFOR _cBK |
||
| 999 |
_c48275 _d48275 |
||